La tradición semántica : de Kant a Carnap : Viena, 1925-1935 /

Gorde:
Xehetasun bibliografikoak
Egile nagusia: Coffa, J. Alberto (autor)
Beste egile batzuk: Fernández de Castro, Max (traducción) (traducción), Issa, Jorge (traducción) (traducción)
Formatua: Liburua
Hizkuntza:gaztelania
Argitaratua: México : Universidad Autónoma Metropolitana Iztapalapa, Departamento de Filosofía, 2005, c2005
Etiketak: Etiketa erantsi
Etiketarik gabe, Izan zaitez lehena erregistro honi etiketa jartzen!

MARC

LEADER 00000nam^a2200000^a^4500
001 000570994
005 20250521000000.0
009 20260310132239.687
020 |a 970-31-0394-4 
020 |a 970-31-0175-X 
037 |a Acervo Xavier Clavigero 
041 |a ESP 
091 |a FPA. 03121 
100 |a Coffa, J. Alberto  |e (autor) 
245 1 3 |a La tradición semántica :  |b de Kant a Carnap : Viena, 1925-1935 / 
264 4 |a México :  |b Universidad Autónoma Metropolitana Iztapalapa, Departamento de Filosofía,  |c 2005, c2005 
300 |a p. 297-650 
336 |a texto  |b txt  |2 rdacontenido 
337 |a sin mediación  |b n  |2 rdamedio 
338 |a volumen  |b nc  |2 rdasoporte 
649 |a XX 
700 |a Fernández de Castro, Max  |e (traducción) 
700 |a Issa, Jorge  |e (traducción) 
910 |a Fondo José Ignacio Palencia Gómez S.J. 
920 |a Impresos - Libros 
930 |a Fondos Especiales 
905 |a 137 
901 |a 0500363282  |b IT2  |c ESL  |i D  |u 20250521 
902 |a https://opac.biblio.iteso.mx/vufind/Record/000570994